Normal view
MARC view
- Rastogi, S.C, Mendiratta, Namita, Rastogi, Parag
Entry Personal Name
001 - CONTROL NUMBER
- control field: 58979
003 - CONTROL NUMBER IDENTIFIER
- control field: NUST
005 - DATE AND TIME OF LATEST TRANSACTION
- control field: 20210628202238.0
008 - FIXED-LENGTH DATA ELEMENTS
- fixed length control field: 210628|| aca||aabn | a|a d
040 ## - CATALOGING SOURCE
- Original cataloging agency: NUST
- Transcribing agency: NUST
100 ## - HEADING--PERSONAL NAME
- Personal name: Rastogi, S.C, Mendiratta, Namita, Rastogi, Parag
670 ## - SOURCE DATA FOUND
- Source citation: Work cat.: (NUST): Rastogi, S.C, Mendiratta, Namita, Rastogi, Parag, Bioinformatics concepts, skills and applicaitons, 2014
